00311nam a2200121 a 4500008004100000245004700041044001100088041000800099100001900107700002400126020001000150260002900160101022s1970|||| d10a... alebo budeš za mnou nosiť smútok axocSK aslo1 aCollins, Larry1 aLapierre, Dominique c28,50 bEpochaaBratislavac1970